000 01469cam a22001934a 4500
005 20250605163941.0
008 250528s ||||||||||||||||||||||||d
035 _a15013
020 _a9602091614
040 _aGR-AtMCL
_bgre
_dGR-AtMCL
_eAACR2
245 1 _aΕισαγωγή στην Πληροφορική / Μια Ολοκληρωμένη Παρουσίαση
260 _bΚλειδάριθμος,
_c1992
300 _a400
520 _aΗ Εξέλιξη της Πληροφορικής, Δεδομένα, Τεχνική Πληροφορική - Μέρος Ι (Ο Υπολογιστης του Von Neumann), Τεχνική Πληροφορική - Μέρος ΙΙ (Οι Επόμενες Εξελίξεις), Πρακτική Πληροφορική Ι (Αλγόριθμοι και Δομές Δεδομένων), Πρακτική Πληροφορική ΙΙ (Λογισμικό), Πρακτική Πληροφορική ΙΙΙ (Παραλληλία και Νεότερες Γλώσσες Προγραμματισμού), Εφαρμοσμένη Πληροφορική Ι (Τεχνικές Εφαρμογές), Εφαρμοσμένη Πληροφορική ΙΙ (Επεξεργασία Δεδομένων), Εφαρμοσμένη Πληροφορική ΙΙΙ (Τεχνητή Νοημοσύνη), Φιλοσοφία της Πληροφορικής, Βιβλιογραφία.
700 1 _aRechenberg Peter
_9843
942 _cBK
999 _c618
_d618